000
00232nam a22001217a 4500
082
_a
920
_b
GUE/A
100
_a
GUEST,LARRY
245
_a
ARNIE
260
_a
ORLANDO
_b
TRIBUNE
_c
1993
300
_a
246
650
_z
ORLANDO
942
_c
BK
999
_c
5572
_d
5572